00783nam a2200265Ia 4500001000900000003000500009005001700014008004100031010001100072020002200083040000900105082001700114100002600131245008100157260003400238300001100272440005400283503000700337504002900344650002700373650002500400650002400425650002800449700004000477dia_7311CHAP20251021155054.0220117s2015 xx 000 0 und d a179039 a978-84-907714-3-3 cCHAP a543 P85 2015 aPujol Urban, Francesc aAnálisis químicos /c Francesc Pujol Urban y Joan Sánchez Rodríguez aEspaña :b Sintesis,c2015 a449 p. aLaboratorio de análisis y de control de calidad aC. aBibliografía: p. [451] aAnálisis químico  aAnalytical chemistry aChemical analysis  aQuímica analítica  aSánchez Rodríguez, Joan, coaut.